Carregant...
Wave nature of light, eng /
| Idioma: | Undetermined |
|---|---|
| Publicat: |
Mitton Keynes :
Open University Press ,
1971.
|
| Matèries: |
| LEADER | 00495nam a2200157Ia 4500 | ||
|---|---|---|---|
| 001 | 18927 | ||
| 008 | 170722s9999 xx 000 0 und d | ||
| 245 | |a Wave nature of light, eng / | ||
| 260 | |a Mitton Keynes : |b Open University Press , |c 1971. | ||
| 300 | |a 61 p. |c 29cms | ||
| 653 | |a Light | ||
| 653 | |a Optics | ||
| 653 | |a Physics | ||
| 942 | |c GEN | ||
| 999 | |c 94937 |d 94937 | ||
| 952 | |0 0 |1 0 |4 0 |6 C_518K9_C_6_000000000000000_L1 |7 0 |9 133151 |a LIB |b LIB |d 2013-03-25 |o C51:8K9, C 6 L1 |p 174093 |r 2017-08-12 |w 2017-08-12 |y GEN | ||